000 00568nam a2200181 i 4500
001 bg
100 1 _aPUŁTORAK, Jerzy
245 0 _aTransport nośników ładunku w półprzewodnikowych strukturach diodowych /
_cJerzy Pułtorak, Andrzej Kassur, Janina Marciak-Kozłowska.
260 _aWarszawa :
_bPWN,
_c1978.
490 1 _aBiblioteka Elektroniki ;
_v16
700 1 _aKASSUR, Andrzej
700 1 _aMARCIAK-KOZŁOWSKA, Janina
830 _aBiblioteka Elektroniki ;
040 _cBPK
041 _apol
942 _cKS
008 s pl f |000 0 pol
999 _c9867
_d9867
856 _uhttp://koha.tu.koszalin.pl/cgi-bin/koha/opac-detail.pl?biblionumber=9867
_yKatalog online BPK